<?xml version="1.0" encoding="UTF-8"?><?xml-stylesheet type="text/xsl" href="static/style.xsl"?><OAI-PMH xmlns="http://www.openarchives.org/OAI/2.0/" xmlns:xsi="http://www.w3.org/2001/XMLSchema-instance" xsi:schemaLocation="http://www.openarchives.org/OAI/2.0/ http://www.openarchives.org/OAI/2.0/OAI-PMH.xsd"><responseDate>2026-06-06T19:09:21Z</responseDate><request verb="GetRecord" identifier="oai:riuma.uma.es:10630/40187" metadataPrefix="marc">https://riuma.uma.es/rest/oai/request</request><GetRecord><record><header><identifier>oai:riuma.uma.es:10630/40187</identifier><datestamp>2026-02-03T12:29:10Z</datestamp><setSpec>com_10630_2254</setSpec><setSpec>col_10630_37959</setSpec></header><metadata><record xmlns="http://www.loc.gov/MARC21/slim" xmlns:dcterms="http://purl.org/dc/terms/" xmlns:doc="http://www.lyncode.com/xoai" xmlns:xsi="http://www.w3.org/2001/XMLSchema-instance" xsi:schemaLocation="http://www.loc.gov/MARC21/slim http://www.loc.gov/standards/marcxml/schema/MARC21slim.xsd">
   <leader>00925njm 22002777a 4500</leader>
   <datafield ind2=" " ind1=" " tag="042">
      <subfield code="a">dc</subfield>
   </datafield>
   <datafield ind2=" " ind1=" " tag="720">
      <subfield code="a">Moreno-Vegas, Salvador</subfield>
      <subfield code="e">author</subfield>
   </datafield>
   <datafield ind2=" " ind1=" " tag="720">
      <subfield code="a">López Medina, Pablo</subfield>
      <subfield code="e">author</subfield>
   </datafield>
   <datafield ind2=" " ind1=" " tag="720">
      <subfield code="a">Peña Trabalón, Alejandro</subfield>
      <subfield code="e">author</subfield>
   </datafield>
   <datafield ind2=" " ind1=" " tag="720">
      <subfield code="a">Estebanez-Campos, María Belén</subfield>
      <subfield code="e">author</subfield>
   </datafield>
   <datafield ind2=" " ind1=" " tag="720">
      <subfield code="a">Pérez-Blanca, Ana</subfield>
      <subfield code="e">author</subfield>
   </datafield>
   <datafield ind2=" " ind1=" " tag="260">
      <subfield code="c">2024</subfield>
   </datafield>
   <datafield ind2=" " ind1=" " tag="520">
      <subfield code="a">En los modelos de elementos finitos (EF) de anillos fibrosos (AF) se distinguen dos metodologías para modelizar su anisotropía: la inclusión de capas de muelles axiales que simulan el comportamiento de las fibras de colágeno y su modelización mediante el modelo HGO. A menudo, los coeficientes de estas propiedades mecánicas se obtienen mediante la calibración con el rango de movimiento (ROM) determinado experimentalmente para dicho AF. Posteriormente, esas propiedades se extienden al resto del segmento. Este estudio evalúa la extensibilidad de los modelos de material calibrados para el segmento lumbar a la parte torácica. Diez modelos de EF se construyeron para cada metodología, simulando las condiciones de carga del ensayo experimental. Los resultados mostraron que la metodología de muelles axiales produce diferencias mayores que el modelo HGO con respecto al experimental, pero que la extensibilidad de las propiedades lumbares al segmento torácico no está justificada para ninguna de ellas si el objeto de análisis es el ROM, debiendo tener que realizar una calibración para cada segmento.</subfield>
   </datafield>
   <datafield ind1="8" ind2=" " tag="024">
      <subfield code="a">https://hdl.handle.net/10630/40187</subfield>
   </datafield>
   <datafield tag="653" ind2=" " ind1=" ">
      <subfield code="a">Biomecánica</subfield>
   </datafield>
   <datafield tag="653" ind2=" " ind1=" ">
      <subfield code="a">Método de los elementos finitos</subfield>
   </datafield>
   <datafield tag="653" ind2=" " ind1=" ">
      <subfield code="a">Vértebras - Propiedades mecánicas</subfield>
   </datafield>
   <datafield ind2="0" ind1="0" tag="245">
      <subfield code="a">Propiedades del anillo fibroso torácico: extensibilidad de las propiedades lumbares y aproximación metodológica del modelo de material</subfield>
   </datafield>
</record>
</metadata></record></GetRecord></OAI-PMH>